Introduction to systems analysis and design : a structured approach

Αποθηκεύτηκε σε:
Λεπτομέρειες βιβλιογραφικής εγγραφής
Κύριος συγγραφέας: Kendall, Penny A. 1952-
Μορφή: Βιβλίο
Γλώσσα:English
Δημοσίευση: Boston, Mass. : Irwin/McGraw-Hill, c1996
Έκδοση:3rd ed.
Θέματα:
Ετικέτες: Προσθήκη ετικέτας
Δεν υπάρχουν, Καταχωρήστε ετικέτα πρώτοι!

MARC

LEADER 00000nam a2200000 i 4500
001 1/5316
008 000602s1996 eng d
020 |a 0-697-12414-2 
035 |l 10061540 
040 |a GR-MY-UA  |b gre  |e aacr 
041 0 |a eng 
082 0 |a 004.21  |2 (20) 
100 1 |a Kendall, Penny A.  |d 1952- 
245 1 0 |a Introduction to systems analysis and design :  |b a structured approach /  |c Penny A. Kendall 
250 |a 3rd ed. 
260 |a Boston, Mass. :   |b Irwin/McGraw-Hill,   |c c1996 
300 |a xvii, 686 p.;  |b ill.;  |c 24 cm. 
504 |a Includes index 
650 0 0 |a Electronic data processing  |x Structured techniques. 
650 0 0 |a System analysis. 
650 0 0 |a System design. 
852 |a INST  |b SAMOS  |e 20000602  |h 004.21 KEN  |p 005300017168  |q 005300017168  |t BK  |y 0 
901 |a BIBL3-2000-2 
909 |a Σ  |b 078772 
922 |a 3ΕΛΗ  |b 200005  |c ΚΠΣ  |d ΠΑΠΑΣΩΤΗΡΙΟΥ 
950 |a 116-1999-12-31 
970 |a ΜΑΛΑΓΑΡΗ  |b ΦΩΤΕΙΝΗ  |z 2000/07/27